| 000 | 00805nam a2200265 i 4500 | ||
|---|---|---|---|
| 003 | DO-SdBNP | ||
| 005 | 20260321073645.0 | ||
| 006 | a||||gr|||| 00| 0 | ||
| 007 | ta | ||
| 008 | 230925e1987 dr |||| |||| 00| 0 spa d | ||
| 040 |
_aDO-SdBNP _bspa _cBNPHU _erda |
||
| 082 | 4 |
_222 _a320.1 _bB742e |
|
| 100 | 1 |
_a Bosch, Juan, _d1909-2001 _eautor _976555 |
|
| 245 | 1 | 3 |
_aEl Estado : _bsus orígenes y desarrollo. / _cJuan Bosch |
| 264 | 1 |
_aSanto Domingo : _bAlfa y Omega, _c1987 |
|
| 300 |
_a312 págianas ; _c21 cm |
||
| 336 |
_2rdacontent _atexto _btxt |
||
| 337 |
_2rdamedia _asin mediación _bn |
||
| 338 |
_2rdacarrier _avolumen _bnc |
||
| 504 | _aBibliografía: 309 - 312 | ||
| 590 | _aInventariado 2023 / MF | ||
| 650 | 0 |
_aEstado _9726 |
|
| 650 | 4 |
_aCiencia política _xHistoria _9727 |
|
| 942 |
_2ddc _cLBS1 |
||
| 999 |
_c54925 _d54925 |
||